Súčasný stav a rozvojový potenciál potravinárskeho priemyslu SR

Uložené v:
Podrobná bibliografia
Hlavný autor: Bosáková, Zuzana
Médium: Kapitola
Jazyk:Slovak
Tagy: Pridať tag
Žiadne tagy, Buďte prvý, kto otaguje tento záznam!

MARC

LEADER 00000naa$a2200000$$$4500
001 0064721
005 20240502071747.9
041 0 |a slo 
044 |a SK 
245 1 0 |a Súčasný stav a rozvojový potenciál potravinárskeho priemyslu SR  |c Zuzana Bosáková 
100 1 |a Bosáková, Zuzana